00980nam a2200229Ia 4500003000900000008004100009020001800050040001600068080002700084111008700111245017000198260005000368300001600418490003900434650004100473650002100514650002300535700003300558942000700591999001700598952013500615IN-BaIIA211028s9999 xx 000 0 eng d a0-88318-830-9 cIIA Library a539:535.33(082.1)bCAP aConference on Capture Gamma-Ray SpectroscopycCaliforniad1990 Oct. 14−19917862 0aCapture gamma-ray spectroscopybproceedings of the conference held in Pacific Grove, California,14−19 Oct 1990cedited Richard W. Hoff  aNew YorkbAmerican Institute of Physicsc1991 axix, 1032p. aAIP conference proceedings; v. 238 aAstronomy and astrophysics thesaurus aGamma-Rays92920 aSpectroscopy91535 aHoff, Richard W., ed.917863 cBK c10508d10508 00104070aBANbBANcGENd1992-11-26g5103.22l0o539:535.33(082.1)/ CAPp11419r2021-11-05v5103.22w1992-11-26yBKGRs. 5103.22